000
00273nam a2200109Ia 4500
008
190914s9999||||xx |||||||||||||| ||und||
100
_a
Richard Robinson
245
4
_a
The New Rich in Asia Mobile Phones
260
_a
New York
_b
Addison
_c
1999
300
_a
1104
942
_c
BK
999
_c
8936
_d
8936